000 00468nam a2200169Ia 4500
003 GCL
008 140319s9999 xx 000 0 eng d
020 _a9748900754
040 _aGCL /
_cGCL
082 0 4 _a495.91321
_bR O
245 1 0 _aTHE OXFORD DUDEN PICTORIAL THAI AND ENGLISH DICTIONARY
260 _a[S.N] :
_bRIVER BOOKS ،
_c2000
300 _a22 CM ؛
_cMULTI
650 0 4 _aENCYCLOPEDIAS AND DICTIONARIES
650 0 4 _aTHAILAND - LANGUAGES
942 _2ddc
_cBK
999 _c1825
_d1825